| 000 | 00619nam a2200217 i 4500 | ||
|---|---|---|---|
| 008 | |||
| 020 | _a0846575361 | ||
| 049 | _aMAIN | ||
| 090 |
_aQC21.2 _bTIL |
||
| 100 | 1 | _aTilley, Donald E. | |
| 245 | 1 | 0 |
_aUniversity physics for science and engineering / _cDonald E. Tilley. |
| 260 |
_aMenlo Park, Calif. : _bCummings Pub. Co., _cc1976. |
||
| 300 |
_axv, 864 p. : _bill. ; _c25 cm. |
||
| 500 | _aIncludes index. | ||
| 650 | 0 | _aPhysics. | |
| 907 |
_a.b10012473 _b08-05-12 _c17-04-03 |
||
| 003 | |||
| 005 | 20230123133126.0 | ||
| 040 | _cNUST | ||
| 942 |
_cBOOKS _kQC21.2 _mTIL |
||
| 999 |
_c143175 _d143175 |
||